Apex Legends Ultimate Quiz - Statistics

General Stats
  • This quiz has been taken 108 times
  • The average score is 64 of 205
Answer Stats
Hint Answer % Correct
Assault Legend Bangalore
91%
Skirmisher Legend Octane
91%
Assault Legend Ash
89%
Recon Legend Bloodhound
88%
Support Legend Lifeline
88%
Shotgun Mozambique
88%
Skirmisher Legend Pathfinder
88%
Shotgun Mastiff
86%
Shotgun Peacekeeper
86%
Skirmisher Legend Revenant
86%
Shotgun Eva-8
85%
Skirmisher Legend Wraith
85%
Controller Legend Caustic
84%
Recon Legend Crypto
81%
Assault Legend Fuse
81%
Support Legend Mirage
80%
Support Legend Gibraltar
78%
Assault Legend Mad Maggie
78%
Assault Rifle R-301
78%
Support Legend Loba
77%
Healing Med Kit
77%
Recon Legend Seer
77%
Healing Shield Battery
77%
Healing Shield Cell
77%
Controller Legend Wattson
77%
Assault Legend Ballistic
76%
Submachine Gun R-99
76%
Pistol RE-45
76%
Healing Syringe
76%
Pistol Wingman
76%
Skirmisher Legend Horizon
74%
Pistol P2020
74%
Healing Phoenix Kit
74%
Sniper Rifle Sentinel
74%
Skirmisher Legend Alter
73%
Ordnance Arc Star
73%
Sniper Rifle Longbow
73%
Marksman Weapons 30-30 Repeater
72%
Assault Rifle Flatline
72%
Sniper Rifle Kraber
72%
Sniper Rifle Charge Rifle
70%
Support Legend Newcastle
70%
Light Machine Gun Rampage
70%
Light Machine Gun Spitfire
70%
Controller Legend Rampart
68%
Light Machine Gun Devotion
66%
Marksman Weapons G7 Scout
66%
Assault Rifle Havoc
66%
Support Legend Conduit
65%
Recon Legend Valkyrie
65%
Submachine Gun Volt
65%
Submachine Gun C.A.R
64%
Controller Legend Catalyst
64%
Assault Rifle Hemlok
64%
Light Machine Gun L-Star
64%
Ammo Type Shotgun
64%
Ordnance Thermite Grenade
64%
Marksman Weapons Triple Take
64%
Recon Legend Vantage
64%
Submachine Gun Alternator
62%
Ammo Type Heavy
62%
Ammo Type Light
62%
Ordnance Frag Grenade
61%
Ammo Type Sniper
61%
Marksman Weapons Bocek
58%
Assault Rifle Nemesis
58%
Submachine Gun Prowler
58%
Ammo Type Energy
57%
Battle Royale Map World's Edge
55%
Battle Royale Map Olympus
54%
Battle Royale Map Broken Moon
50%
Battle Royale Map Kings Canyon
50%
Battle Royale Map Storm Point
49%
Utility Item Evac Tower
31%
Skirmisher Tactical Ability Stim
30%
Inventory Item Backpack
27%
Assault Tactical Ability Knuckle Cluster
27%
Big Team Deathmatch Map | Gun Run Map | Team Deathmatch Map Skull Town
22%
Assault Tactical Ability Arc Snare
19%
Weapon Custimization Barrel Stabilizer
18%
Inventory Item Knockdown Shield
18%
Assault Passive Ability Double Time
16%
Skirmisher Tactical Ability Into The Void
16%
Assault Tactical Ability Smoke Launcher
16%
Hop-Up Boosted Loader
15%
Skirmisher Tactical Ability Grappling Hook
15%
Assault Ultimate Ability Rolling Thunder
15%
Utility Item Ultimate Accelerant
15%
Support Passive Ability Gun Shield
14%
Assault Tactical Ability Whistler
14%
Optic 2x HCOG 'Bruiser'
12%
Weapon Custimization Extended Mag
12%
Skirmisher Tactical Ability Gravity Lift
12%
Weapon Custimization Standard Stock
12%
Assault Ultimate Ability Wrecking Ball
12%
Controller Tactical Ability Amped Cover
11%
Recon Ultimate Ability Beast Of The Hunt
11%
Skirmisher Ultimate Ability Black Hole
11%
Support Tactical Ability Dome Of Protection
11%
Big Team Deathmatch Map | Gun Run Map | Team Deathmatch Map Estates
11%
Weapon Custimization Laser Sight
11%
Assault Ultimate Ability Phase Breach
11%
Assault Tactical Ability Riot Drill
11%
Big Team Deathmatch Map | Control Map | Gun Run Map | Team Deathmatch Map Thunderdome
11%
Optic 1x HCOG 'Classic'
9%
Recon Ultimate Ability Exhibit
9%
Big Team Deathmatch Map | Gun Run Map | Team Deathmatch Map Fragment East
9%
Skirmisher Ultimate Ability Launch Pad
9%
Support Tactical Ability Mobile Shield
9%
Controller Ultimate Ability Nox Gas Grenade
9%
Controller Tactical Ability Nox Gas Trap
9%
Controller Tactical Ability Perimeter Security
9%
Assault Passive Ability Sling
9%
Weapon Custimization Sniper Stock
9%
Recon Tactical Ability Surveillance Drone
9%
Optic 6x Sniper
8%
Support Ultimate Ability Black Market Boutique
8%
Support Tactical Ability Burglar's Best Friend
8%
Controller Ultimate Ability Dark Veil
8%
Support Ultimate Ability Defensive Bombardment
8%
Skirmisher Ultimate Ability Dimensional Rift
8%
Support Tactical Ability D.O.C Heal Drone
8%
Recon Ultimate Ability Drone EMP
8%
Recon Tactical Ability Echo Relocation
8%
Recon Tactical Ability Eye Of The Allfather
8%
Recon Tactical Ability Focus Of Attention
8%
Controller Ultimate Ability Interception Pylon
8%
Support Ultimate Ability Life Of The Party
8%
Recon Passive Ability Neurolink
8%
Hop-Up Selectfire Receiver
8%
Weapon Custimization Shotgun Bolt
8%
Recon Ultimate Ability Skyward Dive
8%
Recon Ultimate Ability Sniper's Mark
8%
Assault Ultimate Ability The Motherlode
8%
Gun Run Map Wattson's Pylon
8%
Skirmisher Passive Ability Assassin's Instinct
7%
Support Ultimate Ability Castle Wall
7%
Support Ultimate Ability Energy Barricade
7%
Assault Passive Ability Grenadier
7%
Controller Ultimate Ability Mobile Minigun "Sheila"
7%
Controller Tactical Ability Piercing Spikes
7%
Support Tactical Ability Psyche Out
7%
Skirmisher Tactical Ability Shadow Pounce
7%
Support Passive Ability Spark Of Genius
7%
Assault Ultimate Ability Tempest
7%
Skirmisher Passive Ability Voices From The Void
7%
Skirmisher Ultimate Ability Void Nexus
7%
Skirmisher Ultimate Ability Zipline Gun
7%
Optic 3x HCOG 'Ranger'
5%
Optic 4x-8x Variable Sniper
5%
Control Map Barometer
5%
Support Passive Ability Barricade
5%
Support Ultimate Ability D.O.C Halo
5%
Skirmisher Ultimate Ability Forged Shadows
5%
Skirmisher Passive Ability Gift From The Rift
5%
Recon Passive Ability Heart Seeker
5%
Recon Tactical Ability Missile Swarm
5%
Support Passive Ability Nox Vision
5%
Support Tactical Ability Radiant Transfer
5%
Skirmisher Passive Ability Spacewalk
5%
Recon Passive Ability Tracker
5%
Skirmisher Tactical Ability Void Passage
5%
Optic 1x-2x Variable Hold
4%
Optic 2x-4x Variable ACOG
4%
Optic 4x-10x Digital Sniper Threat
4%
Support Passive Ability Combat Glide
4%
Support Passive Ability Eye For Quality
4%
Hop-Up Gun Shield Generator
4%
Control Map Hammond Labs
4%
Skirmisher Passive Ability Insider Knowledge
4%
Control Map Lava Siphon
4%
Support Passive Ability Modded Loader
4%
Support Passive Ability Now You See Me
4%
Assault Passive Ability Predator's Pursuit
4%
Support Passive Ability Retrieve The Wounded
4%
Support Passive Ability Savior's Speed
4%
Utility Item Shield Core
4%
Recon Passive Ability Spotter's Lens
4%
Skirmisher Passive Ability Swift Mend
4%
Recon Passive Ability VTOL Jets
4%
Assault Passive Ability Warlord's Ire
4%
Big Team Deathmatch Map | Gun Run Map | Team Deathmatch Map Zeus Station
4%
Big Team Deathmatch Map | Team Deathmatch Map Habitat 4
3%
Big Team Deathmatch Map | Gun Run Map | Team Deathmatch Map Monument
3%
Control Map Production Yard
3%
Big Team Deathmatch Map | Gun Run Map | Team Deathmatch Map The Core
3%
Game Custimization Music Packs
1%
Game Custimization Skydive Trails
1%
Game Custimization Transitions
1%
No matching quizzes found
Score Distribution
Percent of People with Each Score
Percentile by Number Answered
Your Score History
You have not taken this quiz